00805nab a2200205 uc450000100070000000500170000700800410002403500110006503500210007604000130009704100080011010000400011824501150015865000500027365000280032365000370035170000400038870000410042877301300046951429020240201132046.0990824e19980701 spa  a514290 a(OCoLC)819806254 ccomduadb aspa10aSan Martin Ciges, Eduardo4auteaut10aCinetica de las reacciones producidas en el analisis inmunoradiometrico, IRMA, de algunos marcadores tumorales aAnálisis inmunorradiométrico específico aBiomarcadores tumorales aReacciones antigeno - Anticuerpo10aMoreno Frigols, Jose Luis4auteaut10aPeris Ribera, Jose Esteban4auteaut0 tAnales de la Real Academia Nacional de Farmacia (Madrid)gVol. 064, No. 03, Jul.-Sep. 1998, p. 513-531w8675x1697-427103423